|
|
|
|
| LEADER |
02643nam a2200649 a 4500 |
| 001 |
nkc20122415784 |
| 003 |
CZ PrNK |
| 005 |
20130128150855.0 |
| 007 |
ta |
| 008 |
121107s2012 xr e f 000 0 cze |
| 015 |
|
|
|a cnb002415784
|
| 020 |
|
|
|a 978-80-210-5947-4
|q (brož.) :
|c neprodejné
|
| 035 |
|
|
|a (OCoLC)823821436
|
| 040 |
|
|
|a ABA001
|b cze
|
| 041 |
1 |
|
|a cze
|h eng
|
| 043 |
|
|
|a e------
|
| 072 |
|
7 |
|a 37
|x Výchova a vzdělávání
|2 Konspekt
|9 22
|
| 080 |
|
|
|a 377.8
|2 MRF
|
| 080 |
|
|
|a 331.546
|2 MRF
|
| 080 |
|
|
|a 37.017.4
|2 MRF
|
| 080 |
|
|
|a 37.017.7
|2 MRF
|
| 080 |
|
|
|a 37.014.5
|2 MRF
|
| 080 |
|
|
|a (4)
|2 MRF
|
| 080 |
|
|
|a (035)
|2 MRF
|
| 100 |
1 |
|
|a Brett, Peter
|7 jo2012737412
|4 aut
|
| 245 |
1 |
0 |
|a Jak mohou všichni učitelé podpořit výchovu k občanství a lidským právům :
|b rámec pro rozvoj kompetencí /
|c Peter Brett, Pascale Mompoint-Gaillardová a Maria Helena Salemová
|
| 250 |
|
|
|a 1. vyd.
|
| 260 |
|
|
|a Brno :
|b Masarykova univerzita,
|c 2012
|
| 300 |
|
|
|a 86 s. ;
|c 30 cm
|
| 500 |
|
|
|a Přeloženo z angličtiny
|
| 500 |
|
|
|a Na obálce nad názvem: Masarykova univerzita, Centrum občanského vzdělávání
|
| 500 |
|
|
|a Část. tištěno napříč
|
| 504 |
|
|
|a Obsahuje bibliografii a bibliografické odkazy
|
| 650 |
0 |
7 |
|a vzdělávání učitelů
|7 ph158324
|2 czenas
|
| 650 |
0 |
7 |
|a profesní kompetence
|7 ph136580
|2 czenas
|
| 650 |
0 |
7 |
|a výchova k občanství
|7 ph123572
|2 czenas
|
| 650 |
0 |
7 |
|a výchova k demokracii
|7 ph136905
|2 czenas
|
| 650 |
0 |
7 |
|a výchova k lidským právům
|7 ph127421
|2 czenas
|
| 650 |
0 |
7 |
|a vzdělávací politika
|7 ph127308
|z země Evropské unie
|2 czenas
|
| 650 |
0 |
9 |
|a teacher education
|2 eczenas
|
| 650 |
0 |
9 |
|a vocational qualifications
|2 eczenas
|
| 650 |
0 |
9 |
|a citizenship education
|2 eczenas
|
| 650 |
0 |
9 |
|a education for democracy
|2 eczenas
|
| 650 |
0 |
9 |
|a human rights education
|2 eczenas
|
| 650 |
0 |
9 |
|a educational policy
|z European Union countries
|2 eczenas
|
| 655 |
|
7 |
|a příručky
|7 fd133209
|2 czenas
|
| 655 |
|
9 |
|a handbooks and manuals
|2 eczenas
|
| 700 |
1 |
|
|a Mompoint-Gaillard, Pascale
|7 jo2012737408
|4 aut
|
| 700 |
1 |
|
|a Salema, Maria Helena,
|d 1943-
|7 jo2012737405
|4 aut
|
| 710 |
2 |
|
|a Masarykova univerzita.
|b Centrum občanského vzdělávání
|7 pna2012702518
|
| 765 |
0 |
|
|t How all teachers can support citizenship and human rights education
|9 Česky
|
| 910 |
2 |
|
|a BOA001
|b 4-1294.978
|
| 990 |
|
|
|a BK
|
| 995 |
|
|
|a 01
|
| 991 |
|
|
|b 201301
|c NOV
|e n
|
| 996 |
6 |
|
|b 2610533254
|c 4-1294.978
|l MZK
|r Sklad / do 1 hodiny
|n 1
|p p.v.
|w 001303708
|u 000010
|a 1
|e BOA001
|j MZK50
|s P
|
| 996 |
7 |
|
|b 2610533255
|c 4-1294.978
|l MZK
|r Sklad / do 1 hodiny
|n 4
|p p.v.
|w 001303708
|u 000020
|a 1
|e BOA001
|j MZK50
|s A
|